ბათუმის შოთა რუსთაველის სახელმწიფო უნივერსიტეტის ბიბლიოთეკა

Избранные сочинения в трех томах. Т.2 (ბიბ.ჩანაწერი № 46070)

000 -LEADER
fixed length control field 00633nam a2200205Ia 4500
001 - CONTROL NUMBER
control field 12900
003 - CONTROL NUMBER IDENTIFIER
control field GE_BSU
008 - FIXED-LENGTH DATA ELEMENTS--GENERAL INFORMATION
fixed length control field 181216s||||||||xx |||||||||||||| ||und||
040 ## - CATALOGING SOURCE
Transcribing agency GE_BSU
080 ## - UNIVERSAL DECIMAL CLASSIFICATION NUMBER
Universal Decimal Classification number 631.8
100 ## - MAIN ENTRY--PERSONAL NAME
Personal name Прянишников,Д.Н.
245 ## - TITLE STATEMENT
Title Избранные сочинения в трех томах. Т.2
245 ## - TITLE STATEMENT
Statement of responsibility, etc. Под.ред.О.К.Кедрова-Зихмана. Ред.В.П.Иванов
260 ## - PUBLICATION, DISTRIBUTION, ETC.
Place of publication, distribution, etc. Москва
260 ## - PUBLICATION, DISTRIBUTION, ETC.
Name of publisher, distributor, etc. изд-во сельхоз. лит-ры
260 ## - PUBLICATION, DISTRIBUTION, ETC.
Date of publication, distribution, etc. 1953
300 ## - PHYSICAL DESCRIPTION
Extent 520стр.27см.фото
653 ## - INDEX TERM--UNCONTROLLED
Uncontrolled term Избранные сочинения
942 ## - ADDED ENTRY ELEMENTS (KOHA)
Koha item type წიგნი
ეგზემპლარები
Withdrawn status Lost status Damaged status Not for loan Date acquired Barcode Date last seen Price effective from Koha item type
        2018-12-17 20908 2018-12-17 2018-12-17 წიგნი